Aproximaciones desde la (post)modernidad a la fenomenología de Malverde, el santo de los narcotraficantes /

Salvato in:
Dettagli Bibliografici
Autore principale: Hidalgo Solís, Marcela E.
Natura: testo
Tags: Aggiungi Tag
Nessun Tag, puoi essere il primo ad aggiungerne!!

MARC

LEADER 00000 a a2200000 04500
001 8615
003
040
100 |a Hidalgo Solís, Marcela E.  
245 |a Aproximaciones desde la (post)modernidad a la fenomenología de Malverde, el santo de los narcotraficantes /  |c Marcela E. Hidalgo Solís 
773 |g volumen 4; páginas 19-37  
999 |c 37083  |d 37083